| 000 | 00867nam a22002537i 4500 | ||
|---|---|---|---|
| 999 |
_c23464 _d23464 |
||
| 003 | AR-CdUCM | ||
| 008 | 260120b20202020 pe||||| |||| 00| 0 spa d | ||
| 020 | _a978-84-18510-17-5 | ||
| 040 |
_aMUNICIPALIDAD PROVINCIAL DEL CUSCO _cBIBLIOTECA MUNICIPAL DEL CUSCO |
||
| 041 | _hspa | ||
| 082 |
_aES / 741.2 / _bV44 |
||
| 100 |
_aVento, Max _952048 |
||
| 245 | _aAprende a dibujar perspectivas y ciudades / | ||
| 260 |
_bDolmen Editorial : _c2020 |
||
| 300 |
_a123 páginas. : _c24x17 cm. |
||
| 505 | _aUn mal necesario -- Un punto de fuga -- Eso no es todo, amigos -- Perspectiva y composición -- Ciudades de comix | ||
| 650 |
_aPuntos de fuga _952049 |
||
| 650 |
_aComposiciones icónicas _952050 |
||
| 650 |
_aCyberpunk _952051 |
||
| 650 |
_aCiudad utópica _952052 |
||
| 856 | _fwww.DOLMENDITORIAL.COM | ||
| 942 |
_2ddc _cLIBROS |
||
| 945 |
_apbjr _d20-01-2026 |
||